00715 2200253 4500001002100000005001700021008004100038035002400079082000800103090001500111100001600126245011500142250001000257260003300267300002200300500003000322650002700352700001800379850001500397980001300412985000600425999001500431999001500446YOGYA-0209000000519720090227020804.0 ind  0010-020900000005197 a301 a301bSub S aSUBANDIROSO aSosiologi antropologi 1bprogram pengetahuan budaya dan ilmu-ilmu sosialcSubandiroso ; ilustrasi Hadi Sumakir aEd. 1 a[Solo]bIntan Pariwarac1987 av, 146 hlmc20 cm aBibliografi : hlm 145-146 aSosiologi- Antropologi aSumakir, Hadi aYOPDYOG(B) a08-06-05 a2 a95P0056891 a95P0056892